Managing electronic serials : Essays based on the ALCTS electronic serials institutes, 1997-1999 / (Record no. 196090)
[ view plain ]
| 000 -LEADER | |
|---|---|
| fixed length control field | 00997cam a2200241 a 4500 |
| 001 - CONTROL NUMBER | |
| control field | 000528691 |
| 003 - CONTROL NUMBER IDENTIFIER | |
| control field | AM-YeHGA |
| 005 - DATE AND TIME OF LATEST TRANSACTION | |
| control field | 20250617135230.0 |
| 008 - FIXED-LENGTH DATA ELEMENTS--GENERAL INFORMATION | |
| fixed length control field | 001130s2001 ilu||||||b||||001|0|eng|d |
| 020 ## - INTERNATIONAL STANDARD BOOK NUMBER | |
| International Standard Book Number | 0838935109 (pbk. : alk. paper) |
| 040 ## - CATALOGING SOURCE | |
| Original cataloging agency | AM-YeHGA |
| 041 0# - LANGUAGE CODE | |
| Language code of text/sound track or separate title | eng |
| 043 ## - GEOGRAPHIC AREA CODE | |
| Geographic area code | n-us--- |
| 090 ## - LOCALLY ASSIGNED LC-TYPE CALL NUMBER (OCLC); LOCAL CALL NUMBER (RLIN) | |
| -- | 197569 |
| 245 00 - TITLE STATEMENT | |
| Title | Managing electronic serials : Essays based on the ALCTS electronic serials institutes, 1997-1999 / |
| Statement of responsibility, etc. | Pamela Bluh, editor for the Serials Section of the Association for Library Collections & Technical Services. |
| 260 ## - PUBLICATION, DISTRIBUTION, ETC. | |
| Place of publication, distribution, etc. | Chicago : |
| Name of publisher, distributor, etc. | American Library Association, |
| Date of publication, distribution, etc. | 2001. |
| 300 ## - PHYSICAL DESCRIPTION | |
| Extent | xiii, 189 p. ; |
| Dimensions | 23 cm. |
| 440 #0 - SERIES STATEMENT/ADDED ENTRY--TITLE | |
| Title | ALCTS papers on Library Technical Services and Collections |
| Volume/sequential designation | No. 9 |
| 504 ## - BIBLIOGRAPHY, ETC. NOTE | |
| Bibliography, etc. note | Includes bibliogr. references (p. 165-173) and index. |
| 650 #0 - SUBJECT ADDED ENTRY--TOPICAL TERM | |
| Topical term or geographic name entry element | Libraries |
| Geographic subdivision | United States |
| General subdivision | Special collections |
| -- | Electronic journals |
| 700 1# - ADDED ENTRY--PERSONAL NAME | |
| Personal name | Bluh, Pamela M. |
| 856 4# - ELECTRONIC LOCATION AND ACCESS | |
| Operating system | Table of Contents |
| Uniform Resource Identifier | <a href="http://lcweb.loc.gov/catdir/toc/00067646.html">http://lcweb.loc.gov/catdir/toc/00067646.html</a> |
| Withdrawn status | Lost status | Damaged status | Not for loan | Collection | Home library | Current library | Date acquired | Cost, normal purchase price | Shelving control number | Total checkouts | Full call number | Barcode | Date last seen | Price effective from | Koha item type | Public note |
|---|---|---|---|---|---|---|---|---|---|---|---|---|---|---|---|---|
| General | Fundamental Scientific Library | Fundamental Scientific Library | 28/12/2016 | 2000.00 | И 2/113442 | 320113442 | 28/12/2016 | 28/12/2016 | Գրքեր / Books | 30 Days Loan |
ՀՀ Գիտությունների ազգային ակադեմիայի հիմնարար գիտական գրադարան = Fundamental Scientific Library of NAS RA
All site content, except where otherwise noted, is licensed under a